书目信息 |
| 题名: |
PLC技术及应用
|
|
| 作者: | 齐从谦 , 王士兰 编 | |
| 分册: | ||
| 出版信息: | 北京 机械工业出版社 2000.08 |
|
| 页数: | 179页 | |
| 开本: | 26cm | |
| 丛书名: | ||
| 单 册: | ||
| 中图分类: | TN , TP332.3 | |
| 科图分类: | ||
| 主题词: | 电子数字计算机 | |
| 电子资源: | ||
| ISBN: | 7-111-08187-0 | |
| 000 | 00630nam0 2200217 45 | |
| 001 | 0330107545 | |
| 005 | 2003032908214746 | |
| 010 | @a7-111-08187-0@dRMB 20.00 | |
| 100 | @a20030329d2000 km y0chiy0120 ea | |
| 101 | 0 | @achi |
| 102 | @aCN@b110000 | |
| 200 | 1 | @aPLC技术及应用@APLC ji shu ji ying yong@f齐从谦,王士兰编@Fqi cong qian,wang shi lan bian |
| 210 | @a北京@c机械工业出版社@d2000.08 | |
| 215 | @a179页@d26cm | |
| 606 | 0 | @a电子数字计算机 |
| 690 | @aTN@v3 | |
| 690 | @aTP332.3@v4 | |
| 701 | 0 | @a齐从谦@Aqi cong qian@4编 |
| 701 | 0 | @a王士兰@Awang shi lan@4编 |
| 801 | 0 | @aCN@bPFT@c20030329 |
| 905 | @a10447@dTP332.3@eQ020 | |
| PLC技术及应用/齐从谦,王士兰编.-北京:机械工业出版社,2000.08 |
| 179页;26cm |
| ISBN 7-111-08187-0:RMB 20.00 |
| ● |
| 相关链接 |
|
|
|
正题名:PLC技术及应用
索取号:TP332.3/Q020
 
预约/预借
| 序号 | 登录号 | 条形码 | 馆藏地/架位号 | 状态 | 备注 |
| 1 | 367077 | 203670777 | 自科库301/301自科库 61排4列4层/ [索取号:TP332.3/Q020] | 在馆 | |
| 2 | 367078 | 203670786 | 自科库301/301自科库 61排4列4层/ [索取号:TP332.3/Q020] | 在馆 |